000 00591nam a2200253Ia 4500
005 20260121154633.0
008 008 260114s9999 xx 000 0 eng d
020 _a9781003124955
037 _aEBOOK
040 _aCRL
040 _beng
040 _cCRL
041 _2eng
041 _aeng
084 _qCRL
100 _a Anna Budziak
_91009657
245 0 _aT. S. Eliot?s Ariel Poems
260 _bTaylor and Francis
260 _c2022
856 _uhttp://www.taylorfrancis.com/books/9781003124955
942 _cEBOOK
999 _c1576478
_d1576478